Click to Translate - Latin - Statistics

General Stats
  • This quiz has been taken 43,597 times
  • The average score is 15 of 20
Answer Stats
Hint Answer % Correct
Water Aqua
95%
Earth Terra
91%
Wolf Lupus
87%
Voice Vox
87%
Hundred Centum
86%
Queen Regina
85%
Mother Mater
83%
Teacher Magister
82%
Truth Veritas
80%
House Domus
78%
Therefore Ergo
74%
Sea Mare
73%
Believe Credo
71%
Always Semper
71%
Slowly Lente
70%
What Quid
68%
Above Supra
63%
Greedy Avarus
57%
This Hoc
55%
Blue Caeruleum
53%
No matching quizzes found
Score Distribution
Percent of People with Each Score
Percentile by Number Answered
Your Score History
You have not taken this quiz